The intimate state: (Record no. 13752)

MARC details
000 -LEADER
fixed length control field 01471nam a22002777a 4500
005 - DATE AND TIME OF LATEST TRANSACTION
control field 20080617151414.0
010 ## - LCCN (DPL NO)
LC control number ENG-90360 B-423849-850
020 ## - INTERNATIONAL STANDARD BOOK NUMBER
Terms of availability 695.00
International Standard Book Number 9780415446044
035 ## - SYSTEM CONTROL NUMBER
System control number EN-73893
035 ## - SYSTEM CONTROL NUMBER
System control number B-423849-850
037 ## - SOURCE OF ACQUISITION
Source of stock number/acquisition DBAD / PUB
037 ## - SOURCE OF ACQUISITION
Source of stock number/acquisition Allied Publishers
082 ## - DEWEY DECIMAL CLASSIFICATION NUMBER
Classification number 346.5416016
100 ## - MAIN ENTRY--PERSONAL NAME
Personal name Mody, Perveez
245 ## - TITLE STATEMENT
Title The intimate state:
Statement of responsibility, etc by Perveez Modi
Remainder of title love-marriage and the law in Delhi /
260 ## - PUBLICATION, DISTRIBUTION, ETC. (IMPRINT)
Place of publication, distribution, etc New Delhi
Name of publisher, distributor, etc Routledge
Date of publication, distribution, etc 2008
270 ## - ADDRESS
Address 912-915, Tolstoy House,
City New Delhi
Postal code 110001
300 ## - PHYSICAL DESCRIPTION
Extent xx, 308p.
Dimensions 23 cm (Hb)
490 ## - SERIES STATEMENT
Series statement Critcal Asian studies / eidited by Veena Das
-- 32332
500 ## - GENERAL NOTE
General note Includes bibliographical references & index
942 ## - ADDED ENTRY ELEMENTS (KOHA)
Item type English Books
Classification part 346.5416016
Source of classification or shelving scheme Dewey Decimal Classification
Call number suffix MOD
Holdings
Withdrawn status Lost status Not for loan Collection code Home library Current library Date acquired Source of acquisition Cost, normal purchase price Full call number Barcode Copy number Cost, replacement price Koha item type
      Non-fiction Central Library Central Library 10/08/2011 Allied Publishers/CR/0002704/17.3.11/75/4.3.11/17.3.11 695.00 346.5416016 MOD B-423849 1 695.00 English Books
    Not For Loan Non-fiction D.B.Act.Division D.B.Act.Division 17/06/2008 DBAD / PUB 695.00 346.5416016 MOD EN-73893 1 695.00 English Books
      Non-fiction Sarojini Nagar Sarojini Nagar 10/08/2011 Allied Publishers/CR/0002704/17.3.11/75/4.3.11/17.3.11 695.00 346.5416016 MOD B-423850 1 695.00 English Books

© Delhi Public Library
Hit Counter
free hit counter